[Event "AZE-ch Women 2020"]
[Site "Baku"]
[Date "2020.03.05"]
[Round "2.4"]
[White "Mamedjarova, Turkan"]
[Black "Mamedjarova, Zeinab"]
[Result "1/2-1/2"]
[WhiteElo "2310"]
[BlackElo "2278"]
[Annotator "TA"]
[PlyCount "32"]
[EventDate "2020.03.04"]
[EventType "swiss"]
[EventCountry "AZE"]
[SourceTitle "playchess.com"]
[Source "ChessBase"]
[SourceQuality "1"]

{[%evp 9,32,62,73,66,50,24,32,21,29,27,27,11,26,24,31,33,25,25,31,0,23,0,22,0,30]} 1. e4 e5 2. Nf3 Nf6 3. Nc3 Bb4 4. Nxe5 Qe7 5. Nf3 Bxc3 6. dxc3 {C42: Petroff Defence: 3 Nxe5 and unusual White 3rd moves.} Nxe4 7. Be3 d6 {[#]} 8. Bb5+ $146 {White is slightly better.} ({Predecessor:} 8. Qd4 O-O 9. Bd3 Nc5 10. O-O-O Nc6 11. Qf4 Nxd3+ 12. Rxd3 Qe6 13. Kb1 Qg4 14. h3 Qxf4 15. Bxf4 {½-½ (23) Remy,J (1990)-Roggensack Hanspach,P Frankfurt 2010}) 8... Nc6 9. Nd4 Bd7 10. Bxc6 Bxc6 11. Nxc6 bxc6 12. Qd3 Nc5 13. Qd2 Ne4 14. Qd3 Nc5 15. Qd2 Ne4 16. Qd3 Nc5 {White got outplayed after the opening. Accuracy: White = 100%, Black = 100%.} 1/2-1/2

[Event "AZE-ch Women 2020"]
[Site "Baku"]
[Date "2020.03.05"]
[Round "2.5"]
[White "Ismayil, Malak"]
[Black "Rzali, Sabina"]
[Result "0-1"]
[WhiteElo "1974"]
[BlackElo "1921"]
[Annotator "TA"]
[PlyCount "100"]
[EventDate "2020.03.04"]
[EventType "swiss"]
[EventCountry "AZE"]
[SourceTitle "playchess.com"]
[Source "ChessBase"]
[SourceQuality "1"]

{[%evp 11,100,40,33,39,33,31,32,0,37,0,0,0,0,0,5,12,29,0,0,0,0,0,0,0,0,-15,0,0,30,-44,0,0,0,0,51,44,43,46,60,45,66,64,129,95,117,84,83,83,73,6,12,10,6,13,16,0,0,0,14,0,81,72,88,0,37,7,31,-87,-89,-143,-142,-170,-138,-133,-129,-160,-172,-195,-116,-110,-108,-107,-77,-469,-457,-551,-538,-29985,-613,-29990,-29991]} 1. e4 e6 2. d4 d5 3. Nd2 c5 4. Ngf3 Nc6 5. exd5 Qxd5 6. Bc4 Qd8 7. dxc5 {C07: French Tarrasch: 3...c5, 4 Ngf3 and 4 exd5 Qxd5.} Bxc5 8. Qe2 Nf6 9. Nb3 {White is slightly better.} Be7 (9... Bd6 {keeps more tension.} 10. Bg5 a6 11. Rd1 Qc7 12. O-O Ne5) 10. Bd2 Qc7 11. O-O O-O 12. Bc3 {[#]} Rd8 $146 ({Predecessor:} 12... b6 13. Nbd4 Nxd4 14. Nxd4 Bb7 15. Rae1 Kh8 16. f4 Bc5 17. Kh1 Ne4 18. Nb5 Qc6 {0-1 (37) Castillo Rivera,C (1860)-Dominguez,F (1786) Montevideo 2014}) 13. Rad1 Bd7 14. g3 Rac8 15. a3 a6 16. Bd3 Nd5 17. Bd2 Bf6 18. Bc1 Nde7 19. Rfe1 Be8 20. Ng5 (20. h4 $1 $11) 20... h6 (20... Ng6 {with more complications.} 21. Nf3 Nce5 22. Nxe5 Qxe5 23. Qxe5 Nxe5 24. Be4 Bc6) 21. Ne4 Be5 22. c3 Qb8 (22... Nd5 $11) 23. f4 $36 {[%mdl 2048] White is pushing.} Bc7 24. Be3 Nd5 25. Bf2 Nce7 26. c4 Nb6 (26... Nxf4 $14 27. gxf4 Ng6) 27. Nd4 Nc6 28. Nf3 Nd7 29. b4 Nf8 30. b5 (30. Nh4 $16) 30... axb5 $11 31. cxb5 Ne7 $1 32. b6 Bd6 $1 33. Nxd6 Rxd6 34. Ne5 Nd5 {White must now prevent ...Nc3.} 35. Rc1 Bc6 (35... Rxc1 $11 {keeps the balance.} 36. Rxc1 f6) 36. Bc5 $16 Rdd8 37. Be4 (37. f5 $16 {Hoping for Bxf8.} Be8 38. Qf2) 37... Qa8 38. Bxf8 Kxf8 39. Qh5 (39. Nxc6 $14 {stays ahead.} Rxc6 40. Rxc6 bxc6 41. Bxd5 cxd5 42. Qd3) 39... Be8 $17 {And now ...Rxc1 would win.} 40. Bxd5 ({White should try} 40. Qf3) 40... Rxd5 41. Qf3 Rxc1 42. Rxc1 Qa5 43. Qe3 Qb5 44. h4 Qb2 (44... f6 $19 45. a4 Qxa4) 45. Nc4 Qa2 {Threatens to win with ...Bc6.} 46. Qc3 Bc6 47. Rc2 $2 {[%mdl 8192] Loses the game.} (47. Qb4+ $17 {is more resistant.} Ke8 48. Qb2 Qxb2 49. Nxb2) 47... Qb1+ $19 48. Rc1 {[#]} Qe4 $1 {( -> ...Rd1+!)} 49. Qb2 Rd3 (49... Rd4 $142 50. Qc2 Qh1+ 51. Kf2 Qf3+ 52. Ke1 Qxg3+ {[%mdl 64] Double Attack} 53. Ke2 Bf3+ 54. Ke3 Qxf4+ 55. Kf2 Be4+ {[%mdl 64] Discovered Attack} 56. Ke1 Bxc2 57. Rxc2 Qg3+ 58. Ke2 Qd3+ {[%mdl 64] Double Attack} 59. Ke1 Qxc2 60. Ne3 Qd2+ {[%mdl 64] Double Attack} 61. Kf1 Rf4+ 62. Kg1 Qf2+ {[%mdl 64] Double Attack} 63. Kh1 Rxh4#) 50. Qh2 {[#]} Rc3 $1 {[%mdl 576] Back Rank. Accuracy: White = 56%, Black = 74%.} 0-1

[Event "AZE-ch Women 2020"]
[Site "Baku"]
[Date "2020.03.06"]
[Round "3.1"]
[White "Allahverdiyeva, Ayan"]
[Black "Balajayeva, Khanim"]
[Result "0-1"]
[WhiteElo "2053"]
[BlackElo "2358"]
[Annotator "TA"]
[PlyCount "104"]
[EventDate "2020.03.04"]
[EventType "swiss"]
[EventCountry "AZE"]
[SourceTitle "playchess.com"]
[Source "ChessBase"]
[SourceQuality "1"]

{[%evp 20,104,40,3,17,19,24,0,11,0,0,-27,20,30,30,9,11,0,67,60,68,70,62,41,85,63,350,0,4,-146,-44,-304,-81,-86,-86,-97,-2,-50,-14,-215,-233,-237,-237,-388,-383,-1042,-1043,-952,-978,-1073,-858,-858,-854,-811,-626,-615,-372,-359,-358,-385,-385,-495,-490,-412,-385,-388,-388,-434,-395,-528,-541,-563,-559,-591,-550,-692,-689,-668,-674,-637,-630,-29974,-29975,-29970,-29972,-29997,-29998]} 1. e4 e5 2. Nf3 Nc6 3. Bb5 a6 4. Ba4 Nf6 5. O-O Be7 6. d3 d6 7. c3 O-O 8. Re1 Re8 9. Nbd2 b5 10. Bc2 Bf8 11. d4 Bb7 {C91: Closed Ruy Lopez: 7...d6 8 c3 0-0 9 d4.} 12. a3 {[%cal Ba2a3,Ba3a4,Ba4b5,Bb5a6][%mdl 32]} Nb8 13. a4 Nbd7 {The position is equal.} 14. b4 {[#]} h6 $146 ({Predecessor:} 14... Nb6 15. a5 Nbd7 16. Bb2 g6 17. Bd3 c5 18. d5 c4 19. Bc2 Nh5 20. Nf1 Bc8 {0-1 (68) Janaszak,D (2312)-Czerwonski,A (2394) Ustron 2009}) 15. Bd3 exd4 16. cxd4 c5 17. bxc5 dxc5 18. axb5 cxd4 ({Black should play} 18... axb5 $11 19. Rxa8 Qxa8) 19. bxa6 $14 {Black must now prevent Bb2.} Nc5 20. Bb5 $1 Re6 {[%cal Rb7a6]} 21. e5 ({Much worse is} 21. axb7 Rxa1 22. Bc4 (22. Nxd4 Rb6 $17) 22... Rb6 $15) 21... Nd5 {Strongly threatening ...Nc3.} 22. Nxd4 Rg6 $2 {[%mdl 8192]} ({Better is} 22... Rb6 $14 23. Bf1 Bxa6) 23. N2f3 $2 (23. axb7 $18 Rxa1 24. Qf3) 23... Nc3 $11 24. Qd2 (24. Bg5 $1 $11 Nxd1 25. axb7 (25. Bxd8 Bxf3 26. Nxf3 Nc3 $11) 25... Rxa1 26. Bxd8 Nxb7 27. Bh4) 24... Bxf3 (24... Nxb5 $17 25. axb7 Rxa1 26. Nxb5 Nxb7 27. Qxd8 Nxd8) 25. Qxc3 $4 {[%mdl 8192]} (25. Bf1 $1 $15 N3e4 26. Qe3) 25... Bxg2 $2 (25... Rxg2+ $19 {and Black stays clearly on top.} 26. Kf1 Ne4 $1 {[%mdl 512]} 27. Rxe4 Bxe4) 26. Bf4 $17 Bd5+ {[%mdl 1024] Black has strong compensation.} 27. Bg3 {[#]} h5 (27... Ne4 $1 $17 {[%cal Re4c3]} 28. Rxe4 Bxe4) 28. Rad1 h4 {[%mdl 64] Pin} (28... Ne4 $5 {[%cal Re4c3]} 29. Qd3 Nxg3 30. hxg3 Qh4 $17) 29. Nc6 $2 {Black keeps a firm grip on the game.} (29. Nf5 $1 $11 {and White has nothing to worry.} hxg3 30. hxg3) 29... Qb6 $19 {[%mdl 64] Double Attack} 30. Rxd5 {Hoping for Nd4.} Qxb5 31. e6 $2 (31. Nd4 Qb6 32. Rc1) 31... Rxe6 ({Less strong is} 31... Qxc6 32. exf7+ Kh7 33. Rh5+ Rh6 34. Rxh6+ Kxh6 35. Bxh4 $17) 32. Nd4 $2 (32. Nb4 hxg3 33. hxg3) 32... Rxe1+ 33. Qxe1 Qc4 34. Qe5 hxg3 35. hxg3 Nd3 36. Qg5 Rxa6 {...Ra1+ is the strong threat.} 37. Rd8 Qc1+ 38. Qxc1 Nxc1 39. Nf5 g6 40. Nh6+ Kg7 41. Ng4 Re6 42. Rd1 Nb3 43. Rd5 Bc5 44. Kg2 Re2 45. Kf1 Rc2 46. Rd7 Kf8 47. f4 Nd2+ 48. Ke1 {intending Kd1.} Ne4 49. Ne5 Ke8 50. Rxf7 Bb4+ {Black mates.} 51. Kd1 Rd2+ 52. Kc1 Ba3+ {Accuracy: White = 41%, Black = 59%.} 0-1

[Event "AZE-ch Women 2020"]
[Site "Baku"]
[Date "2020.03.06"]
[Round "3.2"]
[White "Fataliyeva, Ulviyya"]
[Black "Abdulla, Khayala"]
[Result "1-0"]
[WhiteElo "2377"]
[BlackElo "2276"]
[Annotator "TA"]
[PlyCount "134"]
[EventDate "2020.03.04"]
[EventType "swiss"]
[EventCountry "AZE"]
[SourceTitle "playchess.com"]
[Source "ChessBase"]
[SourceQuality "1"]

{[%evp 9,134,2,6,7,25,-47,-44,-43,-47,-49,-47,-47,-49,-58,-47,-65,-43,-64,-63,-73,-21,-68,-68,-65,-56,-71,-18,-28,-19,-55,-11,-21,0,0,0,-18,0,0,0,0,0,0,26,20,53,46,39,36,93,81,93,113,109,87,122,33,25,0,0,0,0,0,0,0,0,0,0,0,0,0,0,0,19,3,184,175,154,26,258,257,298,286,420,162,342,324,397,387,518,518,558,589,589,582,490,197,5189,56,56,56,56,56,55,93,1351,1347,1298,1288,1246,1232,1162,1104,1881,1635,29972,29975,29974,29976,29976,29977,29977,29978,29977,29979,29978,29978,29974]} 1. g3 Nf6 2. Bg2 d5 3. Nf3 e6 4. b3 Bd6 5. Bb2 c5 6. O-O {A07: Réti Opening: New York and Capablanca Systems.} Nc6 7. c4 ({White should try} 7. d4 $11) 7... d4 $1 $15 8. e3 {[%cal Re3d4] Black is slightly better.} e5 9. exd4 cxd4 10. d3 O-O 11. Na3 {[#]} Bf5 $146 ({Predecessor:} 11... h6 12. Re1 Re8 13. Nc2 a5 14. Nd2 Bg4 15. f3 Be6 16. a3 Nd7 17. Ne4 Bf8 {1-0 (47) Sangma,R (2295)-Vignesh,N (2485) Kolkata 2018}) 12. Nc2 a5 13. Nh4 Bg4 14. Qd2 Qd7 ({Black should play} 14... Re8 $17) 15. a3 Bh3 16. b4 $1 Bxg2 17. Kxg2 b6 ({Better is} 17... axb4 $17 18. axb4 Rfc8) 18. b5 $11 Ne7 19. a4 Qb7+ 20. Kg1 Nd7 21. f4 f6 22. Rae1 Nc5 23. Ba3 exf4 $1 24. Bxc5 bxc5 25. gxf4 Kh8 26. Qg2 Qc7 27. Kh1 Rae8 28. f5 Bf4 (28... Ng8 $14) 29. Re4 (29. Rg1 $6 Nc8 $11) 29... Bg5 30. Nf3 Nc8 31. Nxg5 fxg5 32. Rfe1 (32. Qxg5 $6 Rxe4 33. dxe4 Nd6 $11) (32. Re6 $16) 32... Rxe4 $14 33. Rxe4 Nd6 34. Re1 $40 {[%mdl 128] White is up to no good.} Nxf5 35. Qxg5 h6 36. Qg4 Rf6 37. Re8+ Kh7 {aiming for ...Nd6.} 38. Qe4 Qf7 {And now ...g6 would win.} 39. Re5 Qh5 {Hoping for ...Qh3!} 40. Ne1 $1 ({Wrong is} 40. Rxc5 $2 Qh3 $1 $19 {[%mdl 512]}) 40... Qh3 {[%cal Rh3f1]} 41. Ng2 h5 $2 (41... Kg8 $1 $11 {and Black is okay.} 42. Re8+ Kh7) 42. Kg1 $1 $18 {Strongly threatening b6.} ({Not} 42. Rxc5 g6 $11) 42... g6 {[#]} 43. Re8 ({And not} 43. Rxc5 Ne3 $11) ({Only move:} 43. Qe2 $1 $16) 43... Ng7 $2 (43... Kg7 $1 $11 {and Black stays safe.}) 44. Re7 Kh6 {[#]} 45. Qe5 $1 {[%mdl 512]} Qf3 {[#]} (45... Qf5 $142 46. Qxf5 Nxf5) 46. Qe2 $2 (46. h4 $1 Qf5 47. Qg3) 46... Qf5 $2 (46... Qxe2 {was called for.} 47. Rxe2 Ne6) 47. Re5 Qh3 48. Rxc5 Nf5 49. Re5 Nh4 50. Nxh4 Qxh4 {[%mdl 4096] Endgame KQR-KQR} 51. c5 Qf4 52. b6 (52. c6 $142) 52... h4 $2 (52... Rf7 53. Kg2 Qf6) 53. Re4 $2 (53. b7 $18 Rf8 54. c6) 53... Qg5+ $14 54. Rg4 Qxc5 55. Rxh4+ Kg7 56. Qd2 Qxb6 $2 {[%mdl 8192]} (56... g5 $16 57. Rg4 Rxb6) 57. Qh6+ $18 Kf7 58. Qh7+ Ke6 59. Re4+ Kd5 60. Qg8+ Re6 61. Re1 Qc6 62. Qd8+ {[%mdl 64] Double Attack. White mates.} Qd6 63. Qxa5+ Kc6 64. Qa6+ Kd7 65. Rxe6 Kxe6 66. Qxd6+ Kxd6 67. Kf2 Kd5 {Accuracy: White = 75%, Black = 51%.} 1-0

[Event "AZE-ch Women 2020"]
[Site "Baku"]
[Date "2020.03.06"]
[Round "3.3"]
[White "Mammadova, Gulnar"]
[Black "Rzali, Sabina"]
[Result "1-0"]
[WhiteElo "2386"]
[BlackElo "1921"]
[Annotator "TA"]
[PlyCount "169"]
[EventDate "2020.03.04"]
[EventType "swiss"]
[EventCountry "AZE"]
[SourceTitle "playchess.com"]
[Source "ChessBase"]
[SourceQuality "1"]

{[%evp 22,169,62,47,67,56,84,80,85,-2,0,-1,-7,-6,0,-8,-1,-8,26,20,27,19,36,0,13,2,20,19,15,12,18,15,17,0,10,0,1,0,0,0,0,0,0,0,9,12,14,0,0,0,9,-5,-2,-4,13,9,11,0,0,0,0,0,11,0,18,20,31,14,34,22,36,20,25,1,2,3,9,14,10,6,6,8,84,7,7,0,54,20,38,12,17,0,0,0,53,8,17,0,0,0,186,34,91,104,103,102,90,56,47,18,79,64,74,48,50,41,54,54,188,53,55,0,1,0,0,0,15,26,255,255,255,255,255,255,12834,12831,798,713,12833,12834,12834,12835,5655,1594,12845,12845,29997,29994,29998,29999]} 1. e4 e6 2. d4 d5 3. Nc3 dxe4 4. Nxe4 Nd7 5. Nf3 Ngf6 6. Nxf6+ Nxf6 7. Bd3 c5 8. O-O Be7 9. dxc5 Bxc5 10. Qe2 O-O 11. Bg5 Be7 12. Ne5 Nd5 {C10: French with 3 Nc3: Unusual Black 3rd moves and 3...dxe4.} 13. Bd2 Bf6 {[#]} 14. Rad1 $146 ({Predecessor:} 14. Qe4 g6 15. a4 Ne7 16. Bc3 Bg7 17. Rad1 Qc7 18. Rfe1 Qb8 19. Bd2 b6 20. Re3 Nf5 {1-0 (20) Rolles,M-Costa,N Argentina 2001}) 14... Qc7 {White is better.} 15. Nf3 (15. Rfe1 $16) 15... Nf4 $11 16. Bxf4 Qxf4 17. c3 Rb8 18. Be4 Qc7 19. Rd2 e5 20. Re1 Re8 21. h4 g6 22. Ng5 h6 23. Nf3 Bg4 24. Qe3 Bxf3 25. Bxf3 Bxh4 {[#] And now ...Bg5 would win.} 26. Qxh6 Qe7 $1 27. Rd5 Bf6 28. Qe3 b6 29. Qd3 Rbd8 30. a3 Rxd5 31. Bxd5 Kg7 32. b4 Rh8 33. c4 Rh4 34. Be4 Rh8 35. Qc3 Rc8 36. Rc1 Bg5 37. Rd1 Qc7 38. Bd5 Bf6 39. Qe3 Qe7 40. g3 Bg5 41. Qc3 Bf6 42. Qc2 Qc7 43. Kg2 Bg5 44. a4 Qe7 45. Qb2 Qc7 46. Re1 {Hoping for f4.} Bf6 47. Qd2 Rh8 48. a5 Be7 49. axb6 axb6 50. Qc3 Bd6 51. Rc1 Rc8 (51... Qd7 $11 {keeps the balance.}) 52. Qd2 (52. Qe3 $16) 52... Rh8 53. Qc3 Rc8 54. Rb1 Rb8 55. Qe3 {next Rh1 is good for White.} Rh8 56. c5 bxc5 57. b5 Qb6 (57... Qc8 $11) 58. Bc6 {[%mdl 1024] White has compensation.} (58. Qf3 $5 {[%cal Rf3f7]} f5 59. Bc4 $14) 58... Rb8 59. Qg5 Qd8 60. Qe3 Qc7 $2 (60... Qb6 $11 {and Black has nothing to worry.}) 61. Bd5 $2 (61. Rh1 $18) 61... Bf8 ({Better is} 61... Qd8 $14) 62. Rh1 $16 {[#] Strongly threatening Qh6+.} Kg8 63. Qe4 {White wants to mate with Qxg6+.} Rb6 64. Bc6 Qd6 65. Qf3 Bg7 (65... Qe6 $11) 66. Rd1 Qf6 67. Qd5 $40 {[%mdl 128] White is up to no good.} Bf8 68. Ra1 {Black must now prevent Ra8.} Rb8 69. Ra7 Qf5 (69... Be7 $14) 70. Rd7 (70. Qb3 $18 Rd8 71. Bd5) 70... Qf6 $14 71. Qc4 ({White should try} 71. Rc7 $14) 71... Rd8 $1 $11 72. Qd5 Rxd7 73. Qxd7 Qd6 74. Qc8 {Threatens to win with b6.} c4 $2 (74... Qf6 $11) 75. b6 $18 {[%cal Bb5b6,Bb6b7][%mdl 32] b7 is the strong threat.} c3 76. b7 c2 77. Be4 ({Stronger than} 77. b8=Q Qxb8 78. Qxb8 c1=Q $15) 77... c1=Q $2 (77... Kg7 78. Bxc2 (78. b8=R c1=Q $15) 78... Qd5+ 79. Kg1 Bd6) 78. Qxc1 Qb4 79. Bd5 {Intending Qc7! and mate.} Bd6 80. Qc8+ Kg7 81. Qd7 Kh6 82. Qxf7 Bb8 83. Qe8 Qd6 84. Qh8+ Kg5 85. Be4 {Accuracy: White = 77%, Black = 75%.} 1-0

[Event "AZE-ch Women 2020"]
[Site "Baku"]
[Date "2020.03.06"]
[Round "3.4"]
[White "Beydullayeva, Govhar"]
[Black "Mamedjarova, Zeinab"]
[Result "1-0"]
[WhiteElo "2237"]
[BlackElo "2278"]
[Annotator "ChessBase"]
[PlyCount "131"]
[EventDate "2020.03.04"]
[EventType "swiss"]
[EventCountry "AZE"]
[SourceTitle "playchess.com"]
[Source "ChessBase"]
[SourceQuality "1"]
[TimeControl "40/5400+30:1800+30"]

1. Nf3 {[%emt 0:00:00]} Nf6 {[%emt 0:00:00]} 2. c4 {[%emt 0:00:46]} e6 {[%emt 0:00:00]} 3. g3 {[%emt 0:00:04]} d5 {[%emt 0:00:00]} 4. Bg2 {[%emt 0:00:05]} Nbd7 {[%emt 0:01:34]} 5. b3 {[%emt 0:03:18]} Be7 {[%emt 0:03:46]} 6. Bb2 {[%emt 0:01:47]} O-O {[%emt 0:00:08]} 7. O-O {[%emt 0:00:05]} c6 {[%emt 0:03:41]} 8. d4 {[%emt 0:02:23]} b6 {[%emt 0:01:20]} 9. Qc2 {[%emt 0:00:32]} Ba6 {[%emt 0:03:05]} 10. Nbd2 {[%emt 0:01:38]} Rc8 {[%emt 0:03:53]} 11. e4 {[%emt 0:02:22]} dxe4 {[%emt 0:04:30]} 12. Nxe4 {[%emt 0:02:43]} Nxe4 {[%emt 0:02:15]} 13. Qxe4 {[%emt 0:00:05]} Nf6 {[%emt 0:42:23]} 14. Qc2 {[%emt 0:02:44]} Qc7 {[%emt 0:05:09]} 15. Rfd1 {[%emt 0:01:14]} Rfd8 {[%emt 0:00:05]} 16. Ne5 {[%emt 0:05:49]} Bb7 {[%emt 0:01:11]} 17. c5 {[%emt 0:13:32]} bxc5 {[%emt 0:04:03]} 18. dxc5 {[%emt 0:00:08]} Nd5 {[%emt 0:02:57]} 19. a3 {[%emt 0:10:58]} Ba6 20. Be4 {[%emt 0:04:22]} f5 {[%emt 0:13:14]} 21. Bg2 {[%emt 0:03:45]} Bf6 {[%emt 0:01:56]} 22. Re1 {[%emt 0:01:29]} Rb8 {[%emt 0:01:33]} 23. Rad1 {[%emt 0:11:23]} Qb7 {[%emt 0:00:30]} 24. b4 {[%emt 0:01:15]} Qc7 {[%emt 0:00:29]} 25. Nf3 {[%emt 0:10:21]} Bxb2 {[%emt 0:01:48]} 26. Qxb2 {[%emt 0:00:01]} Bc8 {[%emt 0:01:23]} 27. Qe5 {[%emt 0:00:55]} Qxe5 {[%emt 0:01:27]} 28. Nxe5 Bb7 {[%emt 0:00:07]} 29. Nc4 {[%emt 0:06:59]} Kf7 {[%emt 0:00:10]} 30. Re5 {[%emt 0:04:24]} Kf6 {[%emt 0:01:09]} 31. Rde1 {[%emt 0:00:35]} Bc8 {[%emt 0:01:06]} 32. Nd6 {[%emt 0:01:30]} Bd7 {[%emt 0:00:20]} 33. f4 {[%emt 0:07:48]} Nc7 {[%emt 0:00:35]} 34. Nc4 {[%emt 0:00:30]} Rbc8 {[%emt 0:00:38]} 35. Nd6 {[%emt 0:00:19]} Rb8 {[%emt 0:00:11]} 36. Nc4 {[%emt 0:00:03]} Rbc8 {[%emt 0:00:11]} 37. h3 {[%emt 0:01:14]} h6 {[%emt 0:00:59]} 38. Kf2 {[%emt 0:00:06]} g5 {[%emt 0:00:40]} 39. Nd6 {[%emt 0:00:26]} Rb8 {[%emt 0:00:18]} 40. Nc4 {[%emt 0:00:00]} gxf4 41. gxf4 {[%emt 0:00:11]} Be8 {[%emt 0:10:03]} 42. Nd6 {[%emt 0:05:34]} Bd7 {[%emt 0:01:30]} 43. Rd1 {[%emt 0:09:04]} a5 {[%emt 0:08:14]} 44. b5 {[%emt 0:07:14]} Rg8 {[%emt 0:12:47]} 45. b6 {[%emt 0:02:54]} Nd5 {[%emt 0:00:34]} 46. Bxd5 {[%emt 0:00:37]} cxd5 {[%emt 0:00:02]} 47. Rg1 {[%emt 0:00:38]} Rxg1 {[%emt 0:00:54]} 48. Kxg1 {[%emt 0:00:00]} Bc6 {[%emt 0:00:26]} 49. Kf2 {[%emt 0:00:11]} d4 {[%emt 0:00:11]} 50. Re1 {[%emt 0:00:12]} d3 {[%emt 0:00:53]} 51. Nc4 {[%emt 0:06:33]} Be4 {[%emt 0:00:39]} 52. Ke3 {[%emt 0:01:20]} Rc8 {[%emt 0:00:31]} 53. Kd4 {[%emt 0:00:35]} Rg8 {[%emt 0:00:29]} 54. Nd6 {[%emt 0:00:42]} d2 {[%emt 0:00:30]} 55. Nxe4+ {[%emt 0:01:11]} fxe4 {[%emt 0:00:02]} 56. Rd1 {[%emt 0:00:03]} Kf5 {[%emt 0:00:35]} 57. Rxd2 {[%emt 0:00:10]} e5+ {[%emt 0:00:48]} 58. fxe5 {[%emt 0:00:12]} Rd8+ {[%emt 0:00:07]} 59. Ke3 {[%emt 0:00:13]} Rb8 {[%emt 0:00:47]} 60. e6 {[%emt 0:01:23]} Kxe6 {[%emt 0:00:29]} 61. Kxe4 {[%emt 0:00:03]} a4 {[%emt 0:00:21]} 62. Rd6+ {[%emt 0:00:13]} Ke7 {[%emt 0:00:02]} 63. Rxh6 {[%emt 0:00:07]} Rd8 {[%emt 0:01:10]} 64. b7 {[%emt 0:00:21]} Rf8 {[%emt 0:00:40]} 65. c6 {[%emt 0:00:34]} Re8 {[%emt 0:00:28]} 66. Kd5 {[%emt 0:00:14]} 1-0

[Event "AZE-ch Women 2020"]
[Site "Baku"]
[Date "2020.03.06"]
[Round "3.5"]
[White "Ismayil, Malak"]
[Black "Mamedjarova, Turkan"]
[Result "0-1"]
[WhiteElo "1974"]
[BlackElo "2310"]
[Annotator "TA"]
[PlyCount "72"]
[EventDate "2020.03.04"]
[EventType "swiss"]
[EventCountry "AZE"]
[SourceTitle "playchess.com"]
[Source "ChessBase"]
[SourceQuality "1"]

{[%evp 13,71,10,16,12,10,2,6,8,10,0,0,0,15,0,0,-21,0,-22,-23,-7,-20,-23,-23,-20,-13,-19,-18,-20,-21,-48,-41,-51,-50,-52,-60,-176,-127,-166,-180,-182,-190,-176,-94,-995,-899,-1544,-1160,-2873,-2560,-2055,-1964,-29987,-29988,-29988,-29989,-29992,-29993,-29998,-29999,-29999]} 1. e4 c6 2. d4 d5 3. exd5 cxd5 4. Bd3 Nc6 5. c3 Qc7 6. Ne2 Bg4 7. f3 {7.0-0 is more advanced technology.} Bd7 8. O-O {B13: Caro-Kann: Exchange Variation and Panov-Botvinnik Attack.} Nf6 9. Re1 e6 10. Bf4 {The position is equal.} Bd6 11. Bxd6 Qxd6 12. Nd2 {[%cal Bb1d2,Bd2f1,Bf1e3][%mdl 32]} O-O {[#]} 13. Kh1 $146 ({Predecessor:} 13. Nf1 Na5 14. b3 b5 15. Qd2 Rfc8 16. Rac1 Qb6 17. Kh1 Nb7 18. Bb1 Nd6 19. Nf4 {0-1 (37) Birtwistle,N (2144)-Villiers,T (2201) Newcastle 2019}) 13... Rfe8 14. Ng3 Re7 15. Ndf1 Rae8 16. Ne3 g6 17. Bb5 e5 18. Bxc6 bxc6 19. dxe5 Rxe5 20. Qd2 h5 21. Ngf1 h4 22. Nc2 h3 23. g3 c5 24. b4 (24. Kg1 $15) 24... cxb4 25. cxb4 Rxe1 26. Rxe1 Rxe1 27. Nxe1 {[#]} Qa6 $40 {[%mdl 128] White is in trouble.} ({Black should play} 27... d4 $1 $19 28. Kg1 Qd5) 28. Ne3 $2 {[%mdl 8192] [#] This costs White the game.} (28. Kg1 $17) 28... d4 $1 $19 {[%cal Rd4e3][%mdl 576] Deflection} 29. Qxd4 Qe2 30. N1c2 Qxf3+ 31. Kg1 Bc6 {( -> ...Ne4)} 32. Qf4 Qh1+ {Black mates.} 33. Kf2 Ne4+ 34. Ke2 Qxh2+ {[%mdl 64] Double Attack} 35. Kd3 Qd2+ 36. Kc4 Qc3# {Accuracy: White = 54%, Black = 85%.} 0-1

[Event "AZE-ch Women 2020"]
[Site "Baku"]
[Date "2020.03.07"]
[Round "4.1"]
[White "Balajayeva, Khanim"]
[Black "Mamedjarova, Turkan"]
[Result "1-0"]
[WhiteElo "2358"]
[BlackElo "2310"]
[Annotator "TA"]
[PlyCount "59"]
[EventDate "2020.03.04"]
[EventType "swiss"]
[EventCountry "AZE"]
[SourceTitle "playchess.com"]
[Source "ChessBase"]
[SourceQuality "1"]

{[%evp 11,59,28,29,30,31,43,27,36,14,10,23,0,8,-17,36,31,34,30,107,104,104,108,485,489,476,309,475,484,636,631,707,87,723,732,727,728,710,710,653,658,662,568,618,602,846,719,29975,29976,29992,29993]} 1. e4 d5 2. exd5 Qxd5 3. Nc3 Qa5 4. d4 Nf6 5. Nf3 Bf5 6. Bc4 e6 7. Bd2 {And now Nd5 would win. B01: Scandinavian Defence.} Bb4 8. a3 Bxc3 $1 9. Bxc3 {White has an edge.} Qb6 10. O-O $1 {The main line 10.0-0 scores better than 10.d5.} O-O 11. Bb4 Re8 12. Bc5 Qc6 (12... Qxb2 $11 13. Ra2 Qc3) 13. Ne5 $14 Qe4 14. Bd3 {[#]} Qh4 $146 {[#]} (14... Qd5 $11 {remains equal.}) ({Predecessor:} 14... Qd5 15. c4 Qd8 16. Bxf5 exf5 17. Qf3 Qc8 18. Bb4 Ne4 19. Rfe1 f6 20. Nd3 Nc6 {1-0 (40) Friedrich,N (2319)-Schiendorfer,F (2190) Switzerland 2014}) 15. Bxf5 $1 $16 {White now steadily converts the win.} exf5 {[#]} 16. Qf3 $1 c6 $2 {[%mdl 8192]} (16... Nbd7 $16 {is a better chance.}) 17. Qb3 $18 Na6 18. Qxf7+ Kh8 19. Be7 c5 20. Rae1 cxd4 {[#]} 21. Ng6+ $1 $40 {[%mdl 640] Black is in trouble.} hxg6 22. Bxf6 $1 {[%mdl 64] Discovered Attack} Qxf6 23. Rxe8+ Rxe8 24. Qxe8+ $16 {[%mdl 4096] Endgame KQR-KQN} Kh7 25. Re1 Nc7 26. Qe5 Qb6 27. h3 Nb5 28. Qd5 {Threatens to win with Re8.} a6 29. Re8 d3 30. h4 {Accuracy: White = 95%, Black = 55%.} 1-0